000
00310nam a22001457a 4500
008
210429b ||||| |||| 00| 0 eng d
020
_a
0024182206
041
_a
eng
080
_2
3rd
_a
37
082
_a
37
100
_a
46
101
_a
EDU
245
_a
The Elements of Style
_c
Strunk,W
942
_2
udc
_c
BK
999
_c
56982
_d
56982